000 00574nam a22001817a 4500
999 _c186653
_d186653
005 20220310170742.0
010 _aENG-131943
020 _a9789387162402
_c450.00
035 _aEN-115476
037 _bDBAD/PUB
082 _a362.042
100 _aS, Navaneethan
245 _aSocial Issues In India and Tamil Nadu:
_bA Must Read Material For TNPSC/
_cNavaneethan S
260 _aTamil Nadu
_bTamizhi Books
_c2021
270 _a20th Main Road,Anna Nagar Chennai
_bTamil Nadu
_e600040
300 _avii,396p.
_c28cm(pbk)
942 _2ddc
_cEN
_h362.042
_mNAV